00302nam a2200097Ia 4500008004100000020001800041100002900059245006200088260004000150300001400190171205s9999 xx 000 0 und d a9789715425148 aLopez, Mellie Leandicho. cMellie Leandicho LopezaA Handbook of Philippine Folklore bUniversity of the Philippinesc2006 a481 pages